00329cam a22001097a 4500008004000000082001400040100002000054245006600074260002900140300001300169650003700182180718b1961 xxu||||| |||| 00| 0 eng d aA6x4 An24 aAnderson, M. S. aEurope in the eighteenth century 1713-1783cby M. S. Anderson aNew yorkbLongmansc1961 aix,364p. aEurope --History --18th century.